000 00719nam a2200217Ia 4500
003 GCL
008 140319s9999 xx 000 0 ara d
020 _a8256281977
040 _aGCL /
_cGCL
082 0 4 _a327.1
_bف د
100 1 _aفاروق عمر عبدالله العمر
245 1 0 _aدول القوة ودول الضعف /
_cفاروق عمر عبدالله العمر
260 _aالقاهرة :
_bالمكتبة الاكاديمية ،
_c2005
300 _a233 ص ؛
_c20سم
650 0 4 _aالسياسة الدولية
650 0 4 _aالعلاقات الخارجية
650 0 4 _aالدبلوماسية
650 0 4 _aالدولة
650 0 4 _aالاعلام الدولى
942 _2ddc
_cBK
999 _c57440
_d57440